Statistics for Animal sounds

Click here to take the quiz!

General Stats

  • This quiz has been taken 22 times
  • The average score is 13 of 28

Answer Stats

Answer% Correct
meow
100%
moo
95%
roar
90%
roar
90%
bleat
76%
hiss
76%
neigh
76%
buzz
71%
quack
71%
coo
67%
laugh
62%
oink
57%
bray
52%
squeak
52%
honk
48%
hoot
48%
trumpet
38%
gobble
33%
caw
24%
crow
24%
click
10%
sing
10%
bellow
5%
chatter
5%
chortle
0%
click
0%
munch
0%
squeak
0%

Score Distribution

Percentile by Number Answered

Percent of People with Each Score

Your Score History

You have not taken this quiz